000 00291nam a22001337a 4500
008 171207b xxu||||| |||| 00| 0 eng d
020 _a139781111828202
041 _aeng
080 _a32
100 _a20
101 _aPOL
245 _aPOLITICS WHY MATERS
_cPATTEN.J.N
942 _2udc
_cBK
999 _c38816
_d38816